the management and traditiomal use of forest resources by local community in sre ampoum commune, pichchenda district, mondulkiri province(ការគ្រប់គ្រង និងការប្រើប្រាស់ធនធានព្រៃឈើតាមលក្ខណៈប្រពៃណៃរបស់សហគមន៍មួលដ្ធានក្នុងឃុុំស្រែអំពុម ស្រុុកពេជ្រ​ចិន្តា ខេត្តមណ្ឌលគិរី) (Record no. 3498)

000 -LEADER
fixed length control field 00873nam a22001577a 4500
003 - CONTROL NUMBER IDENTIFIER
control field OSt
005 - DATE AND TIME OF LATEST TRANSACTION
control field 20151117092539.0
008 - FIXED-LENGTH DATA ELEMENTS--GENERAL INFORMATION
fixed length control field 151117b xxu||||| |||| 00| 0 eng d
040 ## - CATALOGING SOURCE
Transcribing agency RUA
082 ## - DEWEY DECIMAL CLASSIFICATION NUMBER
Classification number FOR CHH 2003 B143 Or.1
100 ## - MAIN ENTRY--PERSONAL NAME
9 (RLIN) 3760
Personal name CHHOENG, SOKUN.
245 ## - TITLE STATEMENT
Title the management and traditiomal use of forest resources by local community in sre ampoum commune, pichchenda district, mondulkiri province(ការគ្រប់គ្រង និងការប្រើប្រាស់ធនធានព្រៃឈើតាមលក្ខណៈប្រពៃណៃរបស់សហគមន៍មួលដ្ធានក្នុងឃុុំស្រែអំពុម ស្រុុកពេជ្រ​ចិន្តា ខេត្តមណ្ឌលគិរី)
260 ## - PUBLICATION, DISTRIBUTION, ETC. (IMPRINT)
Place of publication, distribution, etc. Phnom Penh
Name of publisher, distributor, etc. RUA
Date of publication, distribution, etc. 2003
300 ## - PHYSICAL DESCRIPTION
Extent 51p.
Other physical details ill.
Dimensions 29cm.
942 ## - ADDED ENTRY ELEMENTS (KOHA)
Source of classification or shelving scheme
Koha item type FOR
Holdings
Price effective from Date last seen Permanent Location Not for loan Date acquired Source of classification or shelving scheme Koha item type Lost status Withdrawn status Date last checked out Total Checkouts Shelving location Damaged status Barcode Current Location Full call number
2015-11-172015-11-17Library Block B 2015-11-17 FOR    B143 RUA026994Library Block BFOR CHH 2003 B143 Or.1
2015-11-172016-05-03Library Block B 2015-11-17 FOR  2016-04-061B143 RUA026633Library Block BFOR CHH 2003 B143 Or.2
2015-11-172015-11-17Library Block B 2015-11-17 FOR    B143 RUA026561Library Block BFOR CHH 2003 B143 Or.3
2015-11-172015-11-17Library Block B 2015-11-17 FOR    B143 RUA043437Library Block BFOR CHH 2003 B143 Or.4
2015-11-172015-11-17Library Block B 2015-11-17 FOR    B143 RUA026712Library Block BFOR CHH 2003 B143 Or.5
2015-11-172015-11-17Library Block B 2015-11-17 FOR    B143 RUA026784Library Block BFOR CHH 2003 B143 Or.6
2015-11-172015-11-17Library Block B 2015-11-17 FOR    B143 RUA026640Library Block BFOR CHH 2003 B143 Or.7
មជ្ឈមណ្ឌលឯការនៃសាកលវិទ្យាល័យភូមិន្ទកសិកម្មចំការដូង

Powered by Koha